| 000 | 01101nam a2200325 a 4500 | ||
|---|---|---|---|
| 001 | 000013515 | ||
| 003 | DO-SdBNP | ||
| 005 | 20240306073903.0 | ||
| 007 | ta | ||
| 008 | 091125s2008 dr a 000 0 spa d | ||
| 020 | _a9789945112849 | ||
| 040 |
_aDO-SdBNP _bspa _cBNPHU |
||
| 049 | _aBNPD | ||
| 082 | 4 |
_aBNPHU 372.634 _bC199c |
|
| 100 | 1 |
_aCampusano, Martha _976900 |
|
| 245 | 1 | 0 |
_aCaligrafía 4 : _beducación básica / _cMarta Campusano ; Ruddy Núñez, [et. al.] , il. ; Nayrobis Espinal , diagramación ; Manuel García Cartgane , editor. |
| 260 |
_aSanto Domingo : _bSantillana Básica, _c2008. |
||
| 300 |
_a63 p. : _bil. ; _c28 cm. |
||
| 490 | 1 |
_aCoral _v4 |
|
| 590 | _aInventariado, 2021 / DG | ||
| 650 | 4 |
_aCaligrafía _xEstudio y enseñanza _930847 |
|
| 650 | 4 |
_aCaligrafía _xTécnica _930848 |
|
| 650 | 4 |
_aCaligrafía _xLibros de texto _930849 |
|
| 700 | 1 |
_aGarcía Escobar, Obdulia de _eed. _929220 |
|
| 700 | 1 |
_aGarcía Cartagena, Manuel _ediagramación _912067 |
|
| 700 | 1 |
_aNúñez, Ruddy, _eil. _923171 |
|
| 830 | 0 |
_aCoral _930539 _n4 |
|
| 910 | _aD/G | ||
| 942 |
_2ddc _cLBS1 |
||
| 999 |
_c13139 _d13139 |
||